| 000 | 00603nam a2200217Ia 4500 | ||
|---|---|---|---|
| 005 | 20250326144309.0 | ||
| 008 | 250326s9999 xx 000 0 und d | ||
| 020 | _a0-09-190893-0 | ||
| 037 | _aTextbook | ||
| 040 |
_aFMSL _beng _cFMSL |
||
| 041 |
_aeng _2eng |
||
| 084 |
_aO1113 P5 _qFMSL |
||
| 100 |
_aJaffrey Madhur _9749419 |
||
| 245 | 0 |
_aClimbing the mango trees: Memory of a childhood in India _cJaffrey Madhur |
|
| 260 |
_aLondon _bLondon, Ebury Press _c2005 |
||
| 300 | _axiv,303 | ||
| 365 | _b407 | ||
| 650 | _aNovel | ||
| 942 |
_cTB _hO1113 P5 |
||
| 999 |
_c1303195 _d1303195 |
||